More Domestic Titles - Sudden Death - Statistics

General Stats
  • This quiz has been taken 22 times
  • The average score is 4 of 15
Answers on the Grid
Answers color-coded by a green-red scale on the quiz's grid according to % correct below.
Chelsea
Everton
Valencia
Athletic Bilbao
Borussia Mönchengladbach
Werder Bremen
AC Milan
Internazionale
AS Saint-Étienne
AS Monaco
AZ Alkmaar
FC Twente
Sporting CP
FC Porto
Los Angeles FC
D.C. United
Club Brugge
Anderlecht
River Plate
Boca Juniors
Al Nassr
Al Ittihad
AEK Athens
Panathinaikos
Santos
Corinthians
Galatasaray
Fenerbahce
Guadalajara
Cruz Azul
 
Answer Stats
Answer % Correct
AS Saint-Étienne
56%
Athletic Bilbao
56%
Everton
56%
FC Porto
56%
Borussia Mönchengladbach
44%
Internazionale
44%
AZ Alkmaar
22%
River Plate
22%
Santos
22%
Al Ittihad
11%
Anderlecht
11%
D.C. United
11%
Fenerbahce
0%
Guadalajara
0%
Panathinaikos
0%
No matching quizzes found
Score Distribution
Percent of People with Each Score
Percentile by Number Answered
Your Score History
You have not taken this quiz